<?xml version="1.0" encoding="UTF-8"?>
<collection xmlns="http://www.loc.gov/MARC21/slim">
 <record>
  <leader>02477nam a2200289 a 4500</leader>
  <controlfield tag="001">TVCDKTCT11103</controlfield>
  <controlfield tag="003">Thư viện trường Cao đẳng Kỹ thuật Cao Thắng</controlfield>
  <controlfield tag="005">20090713000000</controlfield>
  <controlfield tag="008">090713</controlfield>
  <datafield tag="980" ind1="\" ind2="\">
   <subfield code="a">Thư viện Trường CĐ Kỹ Thuật Cao Thắng</subfield>
  </datafield>
  <datafield tag="024" ind1=" " ind2=" ">
   <subfield code="a">RG_1 #1 eb0 i1</subfield>
  </datafield>
  <datafield tag="041" ind1="0" ind2="#">
   <subfield code="a">vie</subfield>
  </datafield>
  <datafield tag="082" ind1="#" ind2="#">
   <subfield code="a">657.867 / </subfield>
   <subfield code="b">K250T-v</subfield>
  </datafield>
  <datafield tag="100" ind1="1" ind2="#">
   <subfield code="a">Nguyễn Ngọc Dung</subfield>
  </datafield>
  <datafield tag="245" ind1="0" ind2="0">
   <subfield code="a">Kế toán tài chính (đã chỉnh lý bổ sung theo thông tư số 23/2005/TT-BTC ban hành ngày 30/3/2005) /</subfield>
   <subfield code="c">Nguyễn Ngọc Dung, ...[et al.]</subfield>
  </datafield>
  <datafield tag="250" ind1="#" ind2="#">
   <subfield code="a">Tái bản lần thứ 4</subfield>
  </datafield>
  <datafield tag="260" ind1="#" ind2="#">
   <subfield code="a">H. :</subfield>
   <subfield code="b">Tài chính ,</subfield>
   <subfield code="c">2005</subfield>
  </datafield>
  <datafield tag="300" ind1="#" ind2="#">
   <subfield code="a">811tr. ;</subfield>
   <subfield code="c">27cm</subfield>
  </datafield>
  <datafield tag="520" ind1="#" ind2="#">
   <subfield code="a">Kế toán tài chính là phân hệ thông tin thuộc về hệ thống thông tin kế toán, thực hiện chức năng cung cấp thông tin về tình hình tài sản, nguồn vốn cũng như tình hình và kết quả hoạt động của doanh nghiệp để phục vụ cho nhu cầu quản lý của nhiều đối tượng khác nhau, bên trong cũng như bên ngoài doanh nghiệp.</subfield>
  </datafield>
  <datafield tag="520" ind1="#" ind2="#">
   <subfield code="a">Để giúp các nhân viên kế toán ở các doanh nghiệp cũng như giúp các bạn sinh viên học môn kế toán có tài liệu tham khảo trong nghiên cứu, học tập, ứng dụng kế toán tài chính chúng tôi biên soạn cuốn sách này:</subfield>
  </datafield>
  <datafield tag="520" ind1="#" ind2="#">
   <subfield code="a">Cuốn sách bao gồm 15 chương :</subfield>
  </datafield>
  <datafield tag="520" ind1="#" ind2="#">
   <subfield code="a">- Trình bày khá toàn diện các nội dung kế toán ở các loại hình doanh nghiệp khác nhau, kết hợp chặt chẽ giữa các vấn đề lý luận về tổ chức kế toán với việc hướng dẫn các phương pháp thu thập, xử lý tổng hợp và cung cấp thông tin hữu ích cho các đối tượng khác nhau. Ngoài ra cuốn sách còn bao gồm một số phụ lục trình bày một số văn bản pháp lý liên quan đến chế độ kế toán, cần thiết cho những người đang học cũng như đang làm kế toán</subfield>
  </datafield>
  <datafield tag="650" ind1="#" ind2="4">
   <subfield code="a">Kế toán tài chính</subfield>
  </datafield>
  <datafield tag="700" ind1="0" ind2="#">
   <subfield code="a">Võ Văn Nhị</subfield>
  </datafield>
  <datafield tag="700" ind1="0" ind2="#">
   <subfield code="a">Nguyễn Xuân Hưng</subfield>
  </datafield>
  <datafield tag="700" ind1="0" ind2="#">
   <subfield code="a">Trần Anh Hoa</subfield>
  </datafield>
  <datafield tag="700" ind1="0" ind2="#">
   <subfield code="a">Trần Thị Duyên</subfield>
  </datafield>
 </record>
</collection>
